000 00949nam a22003017a 4500
003 CHAP
005 20220329140052.0
008 971013s1977 r 00010 d
010 _a46482
011 _a47454
035 _a51596
040 _cCHAP
082 _a612.8
_bT5Y
100 0 0 _aThompson, Richard F.
_9112929
245 _aIntroducción a la psicología fisiológica
260 _aMéxico, D.F. :
_bHarper & Row Latinoamericana,
_c1977
300 _a695 p.
_b: ilus.
590 _aBATCH-UPD
_b10
_c20130109
_lUCH01
_h2322
590 _aBATCH-UPD
_b10
_c20130110
_lUCH01
_h0852
590 _aBATCH-UPD
_b10
_c20130409
_lUCH01
_h1845
590 _aBATCH-UPD
_b10
_c20130914
_lUCH01
_h1945
590 _aCONVERSION
_b10
_c20130109
_lUCH01
_h1325
650 1 4 _aPsicología fisiológica.
_992611
650 1 4 _aSistema nervioso.
_9106730
901 _aBK
942 _cLIBRO
949 _a612.8 T5Y
_bBC
_cLIBRO
_d33724000012118
_eLIBRO
_h45628
_i51596
_si
999 _c46482
_d46482